Sober thoughts for the cure of melancholy : especially that which is religious. By ... Dr. Edward Synge, ...

Bibliographic Details
Main Author: Synge, Edward, 1659-1741
Format: eBook
Language:English
Edition:A new edition corrected.
Series:Eighteenth century collections online.
Online Access:Full text online

MARC

Tag First Indicator Second Indicator Subfields
LEADER 00000cam a2200000 4500
001 in00001908694
006 m | d |
007 cr |n||||||||n
008 860221s1749 enk|||| s 00||||eng d
005 20260406222255.7
035 |a (CStRLIN)ESTCN22370 
040 |a Cu-RivES  |c Cu-RivES  |d Uk-ES  |d CStRLIN  |d Thomson Gale  |d UtOrBLW 
100 1 |a Synge, Edward,  |d 1659-1741. 
245 1 0 |a Sober thoughts for the cure of melancholy :  |b especially that which is religious. By ... Dr. Edward Synge, ... 
250 |a A new edition corrected. 
264 3 |a London :  |b printed for Thomas Trye,  |c 1749. 
300 |a 23, 1 unnumbered page ;  |c 12⁰. 
336 |a text  |b txt  |2 rdacontent 
337 |a computer  |b c  |2 rdamedia 
338 |a online resource  |b cr  |2 rdacarrier 
500 |a Also issued as part of: 'The works of the Most Reverend Dr. Edward Synge', volume 4, London, 1744 [1752]. 
500 |a Reproduction of original from the British Library. 
510 4 |a English Short Title Catalog,  |c ESTCN22370. 
533 |a Electronic reproduction.  |b Farmington Hills, Mich. :  |c Thomson Gale,  |d 2003.  |n Available via the World Wide Web.  |n Access limited by licensing agreements  |7 s2003 miunns 
500 |a Electronic resource. 
830 0 |a Eighteenth century collections online. 
856 4 0 |u http://proxy.library.tamu.edu/login?url=https://galenet.galegroup.com/servlet/ECCO?c=1&stp=Author&ste=11&af=BN&ae=N022370&tiPG=1&dd=0&dc=flc&docNum=CW119669399&vrsn=1.0&srchtp=a&d4=0.33&n=10&SU=0LRF&locID=txshracd2898  |z Full text online  |t 0 
999 |a MARS 
999 f f |s b0947385-b5d2-35d3-bc0f-bcc699ee3dff  |i 267bb233-6a79-3ae3-9396-7b845667ef0a  |t 0 
952 f f |a Texas A&M University  |b College Station  |c Electronic Resources  |s www_evans  |d Available Online  |t 0  |h No information provided 
998 f f |t 0  |l Available Online